000 01023nam a22003497b 4500
001 016576
003 DO-SdBNP
005 20180213095744.0
007 016576
008 010306s2001 sp | ||| ||spa
016 7 _a
_2BPMSU
017 _a
_b
020 _a8434870576
035 _a(OCoLC)
040 _aBPMSU
_bspa
_cBPMSU
_e
041 1 _aspa
_h
080 0 _a
100 1 _aKromhout, Rindert
_d1958-
240 1 0 _aEen dief in huis
_lEspañol
245 1 3 _aUn ladrón en casa /
_cRindert Kromhout ; ilustraciones de Javier Aramburu ; traducción Nadine Beliën
_h
250 _a2a. ed.
260 _aMadrid :
_bSM
_c2001
300 _a60 p. :
_bil. ;
_c19 cm
440 3 _aEl barco de vapor.
_pSerie blanca
_v81
490 _aEl barco de vapor.;
_a blanca
_v81
700 1 _aAramburu, Javier
_etr.
700 1 _aAramburu, Javier
_eils.
830 _aEl barco de vapor.;
_pblanca
_v81
942 _2ddc
_cBK
945 _aInventariado, 2018 / BT
956 _a VMATEO
_b10
_c20161123
_dBPMSU
_f0069
999 _c12038
_d12038